| 000 | 00343nam a22001457a 4500 | ||
|---|---|---|---|
| 003 | SGT | ||
| 020 | _a9788119613878 | ||
| 082 |
_a614.1 _bTHA |
||
| 100 | _aTHAKRAL, Dr, SAHIL | ||
| 245 | _aFORENSIC MEDICINE & TOXICOLEGY : EXCLUSIVE QUESTION ARCHIVE | ||
| 260 |
_aINDIA _bIP PUB _c2024 |
||
| 300 | _a164 | ||
| 650 | _aSCIENCE | ||
| 942 |
_2ddc _cBK |
||
| 999 |
_c33265 _d33265 |
||